[Event "CXU Nytår 2015 Øbro"]
[Site "?"]
[Date "2015.12.28"]
[Round "4.1"]
[White "Hector, 2499, GM Jonny"]
[Black "Arni Nilssen, 2262, IM John"]
[Result "1/2-1/2"]
[BlackElo "2262"]
[WhiteElo "2499"]
[LiveChessVersion "1.4.6"]

1. e4 {[%clk 1:59:55]} e6 {[%clk 1:59:55]} 2. d4 {[%clk 1:59:47]} d5
{[%clk 1:59:52]} 3. Nc3 {[%clk 1:59:28]} Bb4 {[%clk 1:59:42]} 4. Nge2
{[%clk 1:59:07]} dxe4 {[%clk 1:53:58]} 5. a3 {[%clk 1:59:00]} Be7
{[%clk 1:53:54]} 6. g4 {[%clk 1:58:44]} Bd7 {[%clk 1:50:32]} 7. Bg2
{[%clk 1:57:24]} Bc6 {[%clk 1:50:25]} 8. Ng3 {[%clk 1:54:21]} Bg5
{[%clk 1:42:34]} 9. Bxg5 {[%clk 1:51:44]} Qxg5 {[%clk 1:42:24]} 10. Ncxe4
{[%clk 1:47:38]} Qh4 {[%clk 1:34:45]} 11. O-O {[%clk 1:43:09]} h5
{[%clk 1:26:02]} 12. gxh5 {[%clk 1:41:20]} Nd7 {[%clk 1:23:26]} 13. c4
{[%clk 1:34:37]} Ne7 {[%clk 1:13:23]} 14. d5 {[%clk 1:33:12]} exd5
{[%clk 1:07:47]} 15. cxd5 {[%clk 1:32:57]} Nxd5 {[%clk 0:57:30]} 16. Nd6+
{[%clk 1:30:33]} cxd6 {[%clk 0:56:40]} 17. Bxd5 {[%clk 1:30:19]} O-O
{[%clk 0:42:53]} 18. Bxc6 {[%clk 1:29:20]} bxc6 {[%clk 0:42:48]} 19. Qxd6
{[%clk 1:27:22]} Nf6 {[%clk 0:42:30]} 20. Qxc6 {[%clk 1:25:50]} Nxh5
{[%clk 0:41:32]} 21. Rae1 {[%clk 1:20:06]} Rab8 {[%clk 0:30:59]} 22. Qf3
{[%clk 1:17:26]} Nf6 {[%clk 0:18:37]} 23. Nf5 {[%clk 1:14:32]} Qh5
{[%clk 0:10:12]} 24. Qxh5 {[%clk 1:12:56]} Nxh5 {[%clk 0:10:05]} 25. b4
{[%clk 1:12:09]} g6 {[%clk 0:08:52]} 26. Ne7+ {[%clk 1:11:27]} Kg7
{[%clk 0:08:44]} 27. Rd1 {[%clk 1:08:26]} Rb7 {[%clk 0:08:03]} 28. Rfe1
{[%clk 1:07:26]} Nf4 {[%clk 0:07:31]} 29. Nd5 {[%clk 1:05:00]} Nxd5
{[%clk 0:06:12]} 30. Rxd5 {[%clk 1:04:57]} Rc8 {[%clk 0:06:06]} 31. Re3
{[%clk 1:02:04]} Rc2 {[%clk 0:05:46]} 32. Rde5 {[%clk 1:00:12]} Ra2
{[%clk 0:05:30]} 33. Kg2 {[%clk 0:59:20]} Rd7 {[%clk 0:05:07]} 34. Ra5
{[%clk 0:58:36]} Rb2 {[%clk 0:04:27]} 35. h4 {[%clk 0:57:55]} Ra2
{[%clk 0:03:59]} 36. h5 {[%clk 0:55:25]} gxh5 {[%clk 0:02:53]} 37. Rxh5
{[%clk 0:55:15]} Kf8 {[%clk 0:01:38]} 38. Ra5 {[%clk 0:54:03]} Kg7
{[%clk 0:01:29]} 39. Ra6 {[%clk 0:53:13]} Rb7 {[%clk 0:00:54]} 40. Kg3
{[%clk 0:52:34]} Ra1 {[%clk 0:00:35]} 41. Kg4 {[%clk 0:51:05]} Rxb4+
{[%clk 0:28:45]} 42. Kf5 {[%clk 1:19:31]} Rb5+ {[%clk 0:24:42]} 43. Kf4
{[%clk 1:18:32]} Rb7 {[%clk 0:23:11]} 44. f3 {[%clk 1:17:52]} Rc1
{[%clk 0:19:13]} 45. Kf5 {[%clk 1:15:30]} Rg1 {[%clk 0:15:40]} 46. Re4
{[%clk 1:11:10]} Rg6 {[%clk 0:12:36]} 47. Rea4 {[%clk 1:08:52]} Rbb6
{[%clk 0:08:17]} 48. Rxb6 {[%clk 1:08:27]} axb6 {[%clk 0:07:20]} 49. Ke5
{[%clk 1:05:49]} Rg5+ {[%clk 0:06:02]} 50. Kd6 {[%clk 1:04:31]} Rf5
{[%clk 0:04:32]} 51. f4 {[%clk 1:03:56]} Kf6 {[%clk 0:04:30]} 52. Kc6
{[%clk 1:02:38]} Ra5 {[%clk 0:03:53]} 53. Rxa5 {[%clk 1:01:46]} bxa5
{[%clk 0:03:53]} 54. Kb5 {[%clk 1:01:29]} Kf5 {[%clk 0:03:52]} 55. Kxa5
{[%clk 1:01:16]} Kxf4 {[%clk 0:03:50]} 56. a4 {[%clk 1:00:00]} f5
{[%clk 0:03:49]} 57. Kb4 {[%clk 0:59:26]} Kg3 {[%clk 0:03:41]} 58. a5 1/2-1/2

[Event "CXU Nytår 2015 Øbro"]
[Site "?"]
[Date "2015.12.28"]
[Round "4.2"]
[White "Ramsdal, 2182, Jens"]
[Black "Haubro, 2365, FM Martin"]
[Result "0-1"]
[BlackElo "2365"]
[WhiteElo "2182"]
[LiveChessVersion "1.4.6"]

1. e4 {[%clk 1:59:38]} e5 {[%clk 1:59:57]} 2. Nf3 {[%clk 1:59:30]} Nc6
{[%clk 1:59:52]} 3. Bb5 {[%clk 1:58:53]} a6 {[%clk 1:59:45]} 4. Ba4
{[%clk 1:58:48]} Nf6 {[%clk 1:59:39]} 5. O-O {[%clk 1:58:37]} Be7
{[%clk 1:59:36]} 6. Re1 {[%clk 1:58:18]} b5 {[%clk 1:59:32]} 7. Bb3
{[%clk 1:58:15]} d6 {[%clk 1:59:27]} 8. h3 {[%clk 1:58:08]} Na5 {[%clk 1:52:50]}
9. d3 {[%clk 1:52:11]} O-O {[%clk 1:51:39]} 10. Nbd2 {[%clk 1:51:10]} Re8
{[%clk 1:41:58]} 11. Nf1 {[%clk 1:48:22]} h6 {[%clk 1:41:31]} 12. Be3
{[%clk 1:41:21]} Bf8 {[%clk 1:37:50]} 13. c3 {[%clk 1:39:41]} Nxb3
{[%clk 1:37:45]} 14. Qxb3 {[%clk 1:39:27]} Bb7 {[%clk 1:20:51]} 15. a4
{[%clk 1:31:40]} Bc6 {[%clk 1:20:19]} 16. axb5 {[%clk 1:18:09]} axb5
{[%clk 1:19:34]} 17. N3d2 {[%clk 1:05:26]} d5 {[%clk 1:09:46]} 18. f3
{[%clk 0:57:56]} Qd7 {[%clk 1:06:44]} 19. Qc2 {[%clk 0:52:51]} Bb7
{[%clk 1:02:21]} 20. Nb3 {[%clk 0:49:10]} Rxa1 {[%clk 0:51:46]} 21. Rxa1
{[%clk 0:48:51]} Bc8 {[%clk 0:51:43]} 22. Bc5 {[%clk 0:36:57]} Nh5
{[%clk 0:50:30]} 23. Bxf8 {[%clk 0:35:56]} Rxf8 {[%clk 0:50:18]} 24. Nc5
{[%clk 0:30:12]} Qd6 {[%clk 0:49:12]} 25. b4 {[%clk 0:29:51]} Nf4
{[%clk 0:49:00]} 26. exd5 {[%clk 0:28:09]} Qxd5 {[%clk 0:46:56]} 27. Nd2
{[%clk 0:20:08]} Kh8 {[%clk 0:36:30]} 28. Nde4 {[%clk 0:18:18]} f5
{[%clk 0:36:23]} 29. Nf2 {[%clk 0:18:08]} Rf6 {[%clk 0:33:20]} 30. Qb3
{[%clk 0:16:58]} Qc6 {[%clk 0:32:51]} 31. Kf1 {[%clk 0:10:32]} Rg6
{[%clk 0:26:39]} 32. Qf7 {[%clk 0:10:25]} Kh7 {[%clk 0:25:36]} 33. Qf8
{[%clk 0:09:43]} Nxg2 {[%clk 0:24:55]} 34. Nce4 {[%clk 0:03:04]} fxe4
{[%clk 0:23:47]} 35. Qxc8 {[%clk 0:03:02]} Qxc3 {[%clk 0:23:35]} 36. Rd1
{[%clk 0:02:32]} exf3 {[%clk 0:21:44]} 37. Ng4 {[%clk 0:01:18]} Qc2
{[%clk 0:21:32]} 38. Ra1 {[%clk 0:00:19]} Ne3+ {[%clk 0:21:22]} 39. Nxe3
{[%clk 0:00:04]} Qe2# {[%clk 0:21:17]} 0-1

[Event "CXU Nytår 2015 Øbro"]
[Site "?"]
[Date "2015.12.28"]
[Round "4.3"]
[White "Mørch Lauridsen, 2320, FM Jesper"]
[Black "Manosri Jacobsen, 2203, FM Mikkel"]
[Result "1-0"]
[BlackElo "2203"]
[WhiteElo "2320"]
[LiveChessVersion "1.4.6"]

1. e4 {[%clk 1:59:56]} c6 {[%clk 1:59:56]} 2. d4 {[%clk 1:59:48]} d5
{[%clk 1:59:51]} 3. exd5 {[%clk 1:59:42]} cxd5 {[%clk 1:59:47]} 4. c4
{[%clk 1:59:30]} Nf6 {[%clk 1:59:40]} 5. Nc3 {[%clk 1:59:20]} Nc6
{[%clk 1:59:35]} 6. Nf3 {[%clk 1:58:58]} Bg4 {[%clk 1:59:29]} 7. cxd5
{[%clk 1:58:46]} Nxd5 {[%clk 1:59:23]} 8. Bb5 {[%clk 1:57:47]} Bxf3
{[%clk 1:55:40]} 9. Qxf3 {[%clk 1:57:10]} e6 {[%clk 1:55:33]} 10. O-O
{[%clk 1:56:28]} Be7 {[%clk 1:53:14]} 11. Nxd5 {[%clk 1:51:46]} Qxd5
{[%clk 1:53:06]} 12. Qxd5 {[%clk 1:51:23]} exd5 {[%clk 1:53:03]} 13. Re1
{[%clk 1:49:28]} Kd8 {[%clk 1:48:13]} 14. Bf4 {[%clk 1:34:37]} Bf6
{[%clk 1:34:20]} 15. Rac1 {[%clk 1:24:24]} Rc8 {[%clk 1:28:42]} 16. Rc5
{[%clk 1:21:12]} Ne7 {[%clk 1:23:36]} 17. Rxc8+ {[%clk 1:18:41]} Nxc8
{[%clk 1:21:09]} 18. Rc1 {[%clk 1:17:37]} a6 {[%clk 1:16:06]} 19. Bc7+
{[%clk 1:16:47]} 1-0

[Event "CXU Nytår 2015 Øbro"]
[Site "?"]
[Date "2015.12.28"]
[Round "4.4"]
[White "Freyr Heimisson, 1947, Hilmir"]
[Black "Jørgen Jørgensen, 2270, Brian"]
[Result "1-0"]
[BlackElo "2270"]
[WhiteElo "1947"]
[LiveChessVersion "1.4.6"]

1. d4 {[%clk 1:59:57]} e6 {[%clk 1:59:53]} 2. c4 {[%clk 1:59:27]} f5
{[%clk 1:59:46]} 3. Nf3 {[%clk 1:59:07]} Nf6 {[%clk 1:59:39]} 4. Nc3
{[%clk 1:57:59]} Bb4 {[%clk 1:59:18]} 5. e3 {[%clk 1:56:50]} O-O {[%clk 1:57:32]}
6. d5 {[%clk 1:54:38]} Qe7 {[%clk 1:54:42]} 7. Bd3 {[%clk 1:47:31]} c6
{[%clk 1:32:53]} 8. dxe6 {[%clk 1:42:46]} dxe6 {[%clk 1:32:10]} 9. Qc2
{[%clk 1:39:17]} Nbd7 {[%clk 0:59:42]} 10. a3 {[%clk 1:37:15]} Bd6
{[%clk 0:58:21]} 11. b4 {[%clk 1:34:40]} Ne5 {[%clk 0:54:35]} 12. Nxe5
{[%clk 1:21:15]} Bxe5 {[%clk 0:51:51]} 13. f4 {[%clk 1:18:04]} Bc7
{[%clk 0:51:24]} 14. Bb2 {[%clk 1:16:25]} e5 {[%clk 0:45:45]} 15. O-O-O
{[%clk 1:09:35]} a5 {[%clk 0:40:50]} 16. b5 {[%clk 1:05:04]} Ng4 {[%clk 0:39:24]}
17. Rhe1 {[%clk 0:39:29]} Bb6 {[%clk 0:35:43]} 18. fxe5 {[%clk 0:34:01]} Bxe3+
{[%clk 0:24:42]} 19. Kb1 {[%clk 0:33:30]} Bc5 {[%clk 0:24:36]} 20. Qb3
{[%clk 0:30:47]} Be6 {[%clk 0:21:07]} 21. Nd5 {[%clk 0:23:49]} cxd5
{[%clk 0:19:53]} 22. cxd5 {[%clk 0:23:41]} a4 {[%clk 0:17:42]} 23. Qa2
{[%clk 0:23:12]} Ne3 {[%clk 0:16:57]} 24. Rxe3 {[%clk 0:21:52]} Bxe3
{[%clk 0:16:52]} 25. Bc4 {[%clk 0:21:04]} Bxd5 {[%clk 0:13:08]} 26. Rxd5
{[%clk 0:20:11]} Kh8 {[%clk 0:13:02]} 27. Bc3 {[%clk 0:16:00]} Rfc8
{[%clk 0:11:28]} 28. e6 {[%clk 0:11:35]} Qxe6 {[%clk 0:10:06]} 29. Rd8+
{[%clk 0:10:30]} Rxd8 {[%clk 0:08:09]} 30. Bxe6 {[%clk 0:10:29]} Rd1+
{[%clk 0:07:55]} 31. Kc2 {[%clk 0:10:13]} Rad8 {[%clk 0:06:19]} 32. Qc4
{[%clk 0:09:24]} Rc1+ {[%clk 0:05:56]} 33. Kb2 Rd2+ {[%clk 0:01:24]} 34. Kxc1
{[%clk 0:08:44]} Rd4+ {[%clk 0:01:20]} 35. Kc2 {[%clk 0:08:34]} Rxc4
{[%clk 0:01:19]} 36. Bxc4 {[%clk 0:08:22]} Bc5 {[%clk 0:01:09]} 37. Bb4
{[%clk 0:07:53]} Bg1 {[%clk 0:00:51]} 38. h3 {[%clk 0:07:51]} b6 {[%clk 0:00:49]}
39. Be6 {[%clk 0:07:34]} f4 {[%clk 0:00:36]} 40. Bd6 {[%clk 0:07:04]} Be3
{[%clk 0:00:27]} 41. Kd3 {[%clk 0:06:50]} Bc1 {[%clk 0:00:19]} 42. Kc4
{[%clk 0:06:35]} Bd2 {[%clk 0:29:32]} 43. Bc7 {[%clk 0:36:23]} Be3
{[%clk 0:28:45]} 44. Kb4 {[%clk 0:36:14]} h5 {[%clk 0:28:35]} 45. Kxa4 g5
{[%clk 0:28:30]} 46. Bf7 {[%clk 0:35:18]} g4 {[%clk 0:27:11]} 47. Bxh5
{[%clk 0:35:04]} f3 {[%clk 0:26:22]} 48. gxf3 {[%clk 0:34:50]} gxh3
{[%clk 0:26:18]} 49. Bg4 {[%clk 0:34:40]} 1-0

[Event "CXU Nytår 2015 Øbro"]
[Site "?"]
[Date "2015.12.28"]
[Round "4.5"]
[White "Nordenbæk Pedersen, 2213, Jan"]
[Black "Vesterli, 2075, Michael"]
[Result "1-0"]
[BlackElo "2075"]
[WhiteElo "2213"]
[LiveChessVersion "1.4.6"]

1. e4 {[%clk 1:59:57]} c5 {[%clk 1:59:53]} 2. Nf3 {[%clk 1:59:53]} d6
{[%clk 1:59:46]} 3. Bb5+ {[%clk 1:59:20]} Bd7 {[%clk 1:59:18]} 4. Bxd7+
{[%clk 1:59:14]} Qxd7 {[%clk 1:59:10]} 5. O-O {[%clk 1:59:06]} Nc6
{[%clk 1:58:45]} 6. Qe2 {[%clk 1:58:00]} g6 {[%clk 1:57:57]} 7. Rd1
{[%clk 1:57:12]} Nf6 {[%clk 1:51:55]} 8. c3 {[%clk 1:56:15]} Qg4 {[%clk 1:49:12]}
9. d3 {[%clk 1:50:30]} c4 {[%clk 1:47:00]} 10. d4 {[%clk 1:46:19]} Nxe4
{[%clk 1:39:51]} 11. h3 {[%clk 1:44:39]} Qf5 {[%clk 1:38:54]} 12. d5
{[%clk 1:40:18]} Ne5 {[%clk 1:28:59]} 13. Nd4 {[%clk 1:36:31]} Qh5
{[%clk 1:28:46]} 14. g4 {[%clk 1:31:51]} Qxh3 {[%clk 1:17:49]} 15. Qxe4
{[%clk 1:31:47]} h5 {[%clk 1:17:38]} 16. g5 {[%clk 1:30:17]} h4 {[%clk 1:16:31]}
17. Nd2 {[%clk 1:25:26]} Bg7 {[%clk 1:09:22]} 18. Nf1 {[%clk 1:13:00]} Rh5
{[%clk 1:05:45]} 19. Be3 {[%clk 1:01:52]} O-O-O {[%clk 1:01:47]} 20. b3
{[%clk 0:56:14]} Ng4 {[%clk 0:54:02]} 21. Qf3 {[%clk 0:47:23]} 1-0

[Event "CXU Nytår 2015 Øbro"]
[Site "?"]
[Date "2015.12.28"]
[Round "4.6"]
[White "Christensen, 2167, Janus"]
[Black "Danielsen, 2502, GM Henrik"]
[Result "0-1"]
[BlackElo "2502"]
[WhiteElo "2167"]
[LiveChessVersion "1.4.6"]

1. e4 {[%clk 1:59:55]} g6 {[%clk 1:59:16]} 2. d4 {[%clk 1:59:50]} Bg7
{[%clk 1:58:40]} 3. Bc4 {[%clk 1:59:15]} d6 {[%clk 1:57:19]} 4. Nf3
{[%clk 1:57:15]} e6 {[%clk 1:55:21]} 5. Bb3 {[%clk 1:55:07]} Ne7 {[%clk 1:54:34]}
6. O-O {[%clk 1:54:39]} O-O {[%clk 1:51:46]} 7. c3 {[%clk 1:54:25]} Nd7
{[%clk 1:50:53]} 8. Be3 {[%clk 1:54:09]} b6 {[%clk 1:49:19]} 9. Nbd2
{[%clk 1:52:49]} Bb7 {[%clk 1:48:03]} 10. Ng5 {[%clk 1:49:22]} h6
{[%clk 1:45:32]} 11. Nh3 {[%clk 1:49:09]} Nf6 {[%clk 1:41:48]} 12. f3
{[%clk 1:48:33]} c5 {[%clk 1:40:46]} 13. dxc5 {[%clk 1:46:14]} bxc5
{[%clk 1:34:16]} 14. Nc4 {[%clk 1:44:10]} d5 {[%clk 1:28:42]} 15. exd5
{[%clk 1:41:23]} Nfxd5 {[%clk 1:24:10]} 16. Bxc5 {[%clk 1:39:22]} Ba6
{[%clk 1:23:56]} 17. Re1 {[%clk 1:36:17]} Qc8 {[%clk 1:21:17]} 18. Bxe7
{[%clk 1:31:54]} Nxe7 {[%clk 1:21:12]} 19. Nd6 {[%clk 1:28:28]} Qc5+
{[%clk 1:19:59]} 20. Nf2 {[%clk 1:27:17]} Rfd8 {[%clk 1:17:10]} 21. Nde4
{[%clk 1:26:12]} Qb6 {[%clk 1:16:37]} 22. Qc1 {[%clk 1:25:28]} Nf5
{[%clk 1:14:05]} 23. Kh1 {[%clk 1:23:10]} Qc7 {[%clk 1:08:06]} 24. Qc2
{[%clk 1:19:33]} h5 {[%clk 1:00:43]} 25. Ng5 {[%clk 1:16:30]} Bh6
{[%clk 0:53:39]} 26. Rxe6 {[%clk 1:12:48]} Bc4 {[%clk 0:53:20]} 27. Bxc4
{[%clk 1:11:23]} Qxc4 {[%clk 0:51:09]} 28. Re4 {[%clk 1:09:09]} Qc5
{[%clk 0:50:16]} 29. Nfh3 {[%clk 1:05:11]} Nd6 {[%clk 0:48:55]} 30. b4
{[%clk 1:03:39]} Qf5 {[%clk 0:47:11]} 31. Re2 {[%clk 1:03:28]} Rac8
{[%clk 0:42:58]} 32. Qxf5 {[%clk 0:58:03]} gxf5 {[%clk 0:42:28]} 33. Re7
{[%clk 0:54:58]} Bg7 {[%clk 0:40:14]} 34. Rxa7 {[%clk 0:52:18]} Bxc3
{[%clk 0:40:04]} 35. Rb1 {[%clk 0:51:46]} Bd2 {[%clk 0:36:45]} 36. f4
{[%clk 0:50:41]} Rc2 {[%clk 0:35:10]} 37. Nf3 {[%clk 0:48:43]} Ne4
{[%clk 0:33:15]} 38. Nfg5 {[%clk 0:42:58]} Bc1 {[%clk 0:32:22]} 39. Nxe4
{[%clk 0:41:11]} fxe4 {[%clk 0:32:19]} 40. Re7 {[%clk 0:38:40]} Rd1+
{[%clk 0:30:51]} 41. Ng1 {[%clk 0:38:35]} Rf2 {[%clk 0:19:49]} 42. g3
{[%clk 0:26:41]} Rdd2 {[%clk 0:15:58]} 43. Ne2 {[%clk 0:24:33]} Rfxe2
{[%clk 0:13:59]} 44. Rxc1 {[%clk 0:24:27]} e3 {[%clk 0:13:55]} 45. Rb1
{[%clk 0:19:36]} Rxh2+ {[%clk 0:13:08]} 46. Kg1 {[%clk 0:19:32]} Rdg2+
{[%clk 0:13:02]} 47. Kf1 {[%clk 0:19:28]} Rxa2 {[%clk 0:12:58]} 48. Kg1
{[%clk 0:18:59]} Rag2+ {[%clk 0:12:52]} 49. Kf1 {[%clk 0:18:57]} e2+
{[%clk 0:12:45]} 50. Rxe2 {[%clk 0:18:47]} Rxe2 {[%clk 0:12:40]} 51. Kg1
{[%clk 0:18:11]} Reg2+ {[%clk 0:12:26]} 0-1

[Event "CXU Nytår 2015 Øbro"]
[Site "?"]
[Date "2015.12.28"]
[Round "4.7"]
[White "Lilja, 2111, Richard"]
[Black "Bech Hansen, 2297, FM Søren"]
[Result "0-1"]
[BlackElo "2297"]
[WhiteElo "2111"]
[LiveChessVersion "1.4.6"]

1. e4 {[%clk 1:59:57]} c5 {[%clk 1:55:36]} 2. Nc3 {[%clk 1:59:49]} e6
{[%clk 1:55:28]} 3. f4 {[%clk 1:59:16]} Nc6 {[%clk 1:54:24]} 4. Nf3
{[%clk 1:58:45]} a6 {[%clk 1:53:24]} 5. Be2 {[%clk 1:56:47]} b5 {[%clk 1:49:38]}
6. d3 {[%clk 1:55:51]} d6 {[%clk 1:49:05]} 7. O-O {[%clk 1:55:24]} Nf6
{[%clk 1:48:11]} 8. Qe1 {[%clk 1:53:32]} Be7 {[%clk 1:45:23]} 9. Kh1
{[%clk 1:39:35]} O-O {[%clk 1:45:12]} 10. Ng5 {[%clk 1:31:23]} Nd4
{[%clk 1:37:20]} 11. Bd1 {[%clk 1:28:55]} Nd7 {[%clk 1:35:33]} 12. Ne2
{[%clk 1:15:57]} Nxe2 13. Bxe2 {[%clk 1:14:19]} Bf6 {[%clk 1:22:31]} 14. Nf3
{[%clk 1:11:31]} Bb7 {[%clk 1:21:09]} 15. Qg3 {[%clk 1:07:24]} Qc7
{[%clk 1:16:18]} 16. Ng5 {[%clk 0:53:40]} Rfe8 {[%clk 1:12:40]} 17. f5
{[%clk 0:50:28]} exf5 {[%clk 0:57:15]} 18. Rxf5 {[%clk 0:49:45]} Re5
{[%clk 0:56:48]} 19. Rxf6 {[%clk 0:34:51]} Nxf6 {[%clk 0:54:21]} 20. Bf4
{[%clk 0:34:40]} Qe7 {[%clk 0:47:14]} 21. Rf1 {[%clk 0:29:37]} Re8
{[%clk 0:44:30]} 22. c3 {[%clk 0:22:34]} h6 {[%clk 0:38:07]} 23. Bxe5
{[%clk 0:22:12]} Qxe5 {[%clk 0:37:08]} 24. Qxe5 {[%clk 0:20:12]} Rxe5
{[%clk 0:34:25]} 25. Nf3 {[%clk 0:19:29]} Re8 {[%clk 0:34:13]} 26. Bd1
{[%clk 0:18:30]} c4 {[%clk 0:32:13]} 27. dxc4 {[%clk 0:17:53]} bxc4
{[%clk 0:31:33]} 28. Nd2 {[%clk 0:16:04]} Bxe4 {[%clk 0:30:07]} 29. Nxe4
{[%clk 0:08:48]} Nxe4 {[%clk 0:26:13]} 30. Ba4 {[%clk 0:07:45]} Rb8
{[%clk 0:24:18]} 31. Bc2 {[%clk 0:04:24]} d5 {[%clk 0:23:29]} 32. Bxe4
{[%clk 0:02:19]} dxe4 {[%clk 0:23:23]} 33. Rb1 {[%clk 0:01:57]} f5
{[%clk 0:22:40]} 34. Kg1 {[%clk 0:01:37]} Kf7 {[%clk 0:22:08]} 35. b3
{[%clk 0:01:36]} Ke6 {[%clk 0:21:49]} 36. b4 {[%clk 0:00:59]} Rd8 37. a4
{[%clk 0:00:57]} Rd3 {[%clk 0:16:01]} 38. b5 {[%clk 0:00:35]} axb5
{[%clk 0:15:44]} 39. axb5 {[%clk 0:00:27]} Kd7 {[%clk 0:15:08]} 40. Rc1
{[%clk 0:00:02]} Kc7 {[%clk 0:11:40]} 41. Ra1 {[%clk 0:24:52]} Kb6
{[%clk 0:40:54]} 42. Ra6+ {[%clk 0:24:02]} Kxb5 {[%clk 0:40:48]} 43. Ra7
{[%clk 0:23:49]} Rxc3 {[%clk 0:39:57]} 44. Rxg7 {[%clk 0:23:23]} Rd3
{[%clk 0:38:51]} 45. Rf7 {[%clk 0:20:38]} Rd5 {[%clk 0:38:33]} 46. Rb7+
{[%clk 0:16:12]} Ka4 {[%clk 0:35:37]} 47. Kf1 {[%clk 0:15:24]} c3
{[%clk 0:35:30]} 48. Ke2 {[%clk 0:13:32]} Rb5 {[%clk 0:33:28]} 49. Rc7
{[%clk 0:12:21]} Kb3 {[%clk 0:32:46]} 0-1

[Event "CXU Nytår 2015 Øbro"]
[Site "?"]
[Date "2015.12.28"]
[Round "4.8"]
[White "Søndergård Thybo, 2289, FM Jesper"]
[Black "Henrik Thuesen, 2168, Mogens"]
[Result "1-0"]
[BlackElo "2168"]
[WhiteElo "2289"]
[LiveChessVersion "1.4.6"]

1. d4 {[%clk 1:59:52]} Nf6 {[%clk 1:58:22]} 2. Nf3 {[%clk 1:59:43]} g6
{[%clk 1:57:53]} 3. c4 {[%clk 1:59:27]} Bg7 {[%clk 1:57:47]} 4. Nc3
{[%clk 1:59:19]} O-O {[%clk 1:57:14]} 5. g3 {[%clk 1:59:11]} d6 {[%clk 1:57:06]}
6. Bg2 {[%clk 1:59:05]} c6 {[%clk 1:56:13]} 7. O-O {[%clk 1:58:49]} Bf5
{[%clk 1:56:05]} 8. Nh4 {[%clk 1:54:53]} Be6 {[%clk 1:55:55]} 9. Qd3
{[%clk 1:50:31]} d5 {[%clk 1:54:01]} 10. b3 {[%clk 1:49:21]} Qa5 {[%clk 1:48:46]}
11. c5 {[%clk 1:38:39]} b6 {[%clk 1:47:25]} 12. Bd2 {[%clk 1:35:16]} bxc5
{[%clk 1:37:23]} 13. Nxd5 {[%clk 1:29:21]} Qd8 {[%clk 1:37:17]} 14. Nf4
{[%clk 1:28:46]} Bc8 {[%clk 1:34:38]} 15. Nf3 {[%clk 1:25:23]} Ba6
{[%clk 1:33:16]} 16. Qc2 {[%clk 1:23:17]} cxd4 {[%clk 1:32:03]} 17. Ne5
{[%clk 1:21:52]} Bb7 {[%clk 1:23:05]} 18. b4 {[%clk 1:17:52]} Nd5
{[%clk 1:15:43]} 19. Nfd3 {[%clk 1:17:07]} Nb6 {[%clk 1:03:28]} 20. b5
{[%clk 1:14:28]} Qc7 {[%clk 0:48:08]} 21. Nxc6 {[%clk 1:06:07]} Nxc6
{[%clk 0:47:30]} 22. bxc6 {[%clk 1:05:49]} Rac8 {[%clk 0:44:32]} 23. Rfc1
{[%clk 1:04:51]} Ba6 {[%clk 0:39:20]} 24. Rab1 {[%clk 1:00:34]} e5
{[%clk 0:38:24]} 25. Ba5 {[%clk 0:58:53]} Bxd3 {[%clk 0:37:56]} 26. exd3
{[%clk 0:57:43]} Bh6 {[%clk 0:34:40]} 27. Re1 {[%clk 0:56:46]} Rfe8
{[%clk 0:34:29]} 28. Rb5 {[%clk 0:55:36]} Bf8 {[%clk 0:27:43]} 29. Qb3
{[%clk 0:54:09]} Rb8 {[%clk 0:19:51]} 30. Rb1 {[%clk 0:52:40]} Bd6
{[%clk 0:19:44]} 31. a4 {[%clk 0:47:52]} Kf8 {[%clk 0:18:02]} 32. Bb4
{[%clk 0:46:21]} 1-0

[Event "CXU Nytår 2015 Øbro"]
[Site "?"]
[Date "2015.12.28"]
[Round "4.9"]
[White "Gajic, 2240, Mladen"]
[Black "Haarmark Nielsen, 2167, Viktor"]
[Result "0-1"]
[BlackElo "2167"]
[WhiteElo "2240"]
[LiveChessVersion "1.4.6"]

1. d4 {[%clk 1:59:49]} d5 {[%clk 1:59:54]} 2. c4 {[%clk 1:59:43]} c6
{[%clk 1:59:51]} 3. Nc3 {[%clk 1:59:05]} Nf6 {[%clk 1:59:45]} 4. e3
{[%clk 1:58:40]} g6 {[%clk 1:58:46]} 5. f4 {[%clk 1:56:46]} Bg7 {[%clk 1:57:55]}
6. Nf3 {[%clk 1:56:40]} O-O {[%clk 1:56:37]} 7. Be2 {[%clk 1:56:36]} Bf5
{[%clk 1:54:32]} 8. cxd5 {[%clk 1:53:18]} cxd5 {[%clk 1:54:04]} 9. Qb3
{[%clk 1:52:55]} Nc6 {[%clk 1:46:10]} 10. Qxb7 {[%clk 1:41:06]} Qd6
{[%clk 1:39:12]} 11. a3 {[%clk 1:29:47]} Na5 {[%clk 1:22:11]} 12. Qb5
{[%clk 1:29:20]} Qc7 {[%clk 1:21:50]} 13. Qa4 {[%clk 1:17:44]} Rab8
{[%clk 1:19:49]} 14. O-O {[%clk 0:38:07]} Nb3 {[%clk 1:13:24]} 15. Nb5
{[%clk 0:36:27]} Rxb5 {[%clk 1:12:00]} 16. Bxb5 {[%clk 0:27:05]} Nxa1
{[%clk 1:09:49]} 17. Bd2 {[%clk 0:26:55]} Bc2 {[%clk 1:04:55]} 18. Qa6
{[%clk 0:24:34]} Nb3 {[%clk 1:04:30]} 19. Bb4 {[%clk 0:24:25]} Rb8
{[%clk 1:01:49]} 20. Ba4 {[%clk 0:18:22]} Rb6 {[%clk 0:50:20]} 21. Qe2
{[%clk 0:18:15]} a5 {[%clk 0:49:50]} 22. Bc5 {[%clk 0:08:40]} Nxc5
{[%clk 0:47:47]} 23. dxc5 {[%clk 0:08:31]} Bxa4 {[%clk 0:42:41]} 24. cxb6
{[%clk 0:08:23]} Qxb6 {[%clk 0:42:38]} 25. Rc1 {[%clk 0:07:29]} Ne8
{[%clk 0:35:23]} 26. Qd2 {[%clk 0:05:34]} Nd6 {[%clk 0:34:14]} 27. b4
{[%clk 0:03:46]} axb4 {[%clk 0:33:41]} 28. axb4 {[%clk 0:03:38]} Nc4
{[%clk 0:32:27]} 29. Qd3 {[%clk 0:03:30]} Bf6 {[%clk 0:31:26]} 30. Kh1 Nxe3
{[%clk 0:29:51]} 31. Rc5 {[%clk 0:02:17]} d4 {[%clk 0:28:07]} 32. Nxd4
{[%clk 0:01:37]} Ng4 {[%clk 0:26:34]} 33. Qa3 {[%clk 0:00:25]} Nf2+ 34. Kg1 Ne4
{[%clk 0:24:46]} 35. Qxa4 {[%clk 0:00:08]} Bxd4+ {[%clk 0:24:26]} 36. Kh1
{[%clk 0:00:07]} Nxc5 {[%clk 0:24:14]} 0-1